Villes du Monde sur une carte par lettre - E - Statistiques

Statistiques générales
  • Ce quiz a été pris 16 040 fois
  • Le résultat moyen est 4 sur 15
Réponses sur la Carte
Les réponses sont colorées sur une échelle allant du rouge au vert en fonction du pourcentage des utilisateurs qui les ont devinées à leur premier essai. Vous pouvez retrouver ces pourcentages ci-dessous.
 
Statistiques - réponses
Villes % Correct
Edimbourg
92%
Erevan
60%
Evreux
52%
Edmonton
38%
El Paso
31%
Essen
31%
Essaouira
26%
Exeter
18%
Elche
13%
Erbil
11%
Erfurt
11%
Eugene
11%
East London
6%
El Oued
5%
Eskisehir
5%
Aucun quiz correspondant
Distribution des résultats
% des personnes avec chaque résultat
Percentile par nombre de réponses
Votre historique - résultats
Vous n’avez pas pris ce quiz